=LDR 00000nam 2200000 4500 =001 INLIS000000000026430 =005 20130612124854 =008 ***********************************ind** =035 ##$$0010-061300000026430 =041 ##$$a ind =082 ##$$a 372.7 =090 ##$$a 372.7, TOB c =100 ##$$a Tobing, I.A.L =245 ##$$a CBSA Belajar Aktif Matematikaria Taman Kanak-Kanak, Lembar Kerja untuk Taman Kanak-Kanak, Ny. IA.L. Tobing =260 ##$$a 1991 $b Jakarta =300 ##$$a vii, 79 hlm., ilus., 27 cm =650 ##$$a Matemaika =650 ##$$a Taman Kanak-Kanak =850 ##$$a NBPNMAT